00544nam a2200109Ia 4500008004100000245022400041260005500265260000900320300000700329650001300336856008500349170516s9999 xx 000 0 und d aCo-administration of dexamethasone increases severity and accelerates onset day of neutropenia in bladder cancer patients on methotrexate, vinblastine, adriamycin and cisplatin chemotherapy: a retrospective cohort study bJournal of Pharmaceutical Health Care and Sciences c2017 a3: xPharmacy uhttps://jphcs.biomedcentral.com/articles?query=&volume=3&searchType=&tab=keyword